Loading...

Psychiatry and philosophy of science /

"Psychiatry and Philosophy of Science" explores conceptual issues in psychiatry from the perspective of analytic philosophy of science. Through an examination of those features of psychiatry that distinguish it from other sciences - for example, its contested subject matter, its particular...

Fuld beskrivelse

Bibliografiske detaljer
Hovedforfatter: Cooper, Rachel
Format: Printed Book
Sprog:English
Udgivet: Stocksfield : Acumen, 2007.
Fag:
LEADER 02065nam a22001697a 4500
008 180123t2007 enk||||| |||| 00| 0 eng d
020 |a  9781844651085  |c £ 16.99 
082 |a 616.89001 
100 |a Cooper, Rachel 
245 |a Psychiatry and philosophy of science /  |c Rachel Cooper 
260 |a Stocksfield :  |b Acumen,  |c 2007. 
300 |a 197 p. ; 
520 |a "Psychiatry and Philosophy of Science" explores conceptual issues in psychiatry from the perspective of analytic philosophy of science. Through an examination of those features of psychiatry that distinguish it from other sciences - for example, its contested subject matter, its particular modes of explanation, its multiple different theoretical frameworks, and its research links with big business - Rachel Cooper explores some of the many conceptual, metaphysical and epistemological issues that arise in psychiatry. She shows how these pose interesting challenges for the philosopher of science while also showing how ideas from the philosophy of science can help to solve conceptual problems within psychiatry. Cooper's discussion ranges over such topics as the nature of mental illnesses, the treatment decisions and diagnostic categories of psychiatry, the case-history as a form of explanation, how psychiatry might be value-laden, the claim that psychiatry is a multi-paradigm science, the distortion of psychiatric research by pharmaceutical industries, as well as engaging with the fundamental question whether the mind is reducible to something at the physical level. "Psychiatry and Philosophy of Science" demonstrates that cross-disciplinary contact between philosophy of science and psychiatry can be immensely productive for both subjects and it will be required reading for mental health professionals and philosophers alike. 
653 |a Psychiatry--Philosophy  |a Science--Philosophy  |a Psychiatry 
942 |c BK 
999 |c 278475  |d 278475 
952 |0 0  |1 0  |2 ddc  |4 0  |6 616_890010000000000_COO_P  |7 0  |9 313130  |a PHL  |b PHL  |c ST1  |d 2018-01-23  |g 1510.41  |i 5681  |l 0  |o 616.89001 COO/P  |p PHL5681  |r 2018-01-23  |y BK  |k £ 16.99